000 00379nam a2200157Ia 4500
008 230711s9999||||xx |||||||||||||| ||und||
041 _aENG
082 _a526.9
_bCH-P
100 _aChandra A M
245 0 _aPlane surveying
250 _a2nd . Ed.
260 _c2006
_aNew Delhi
_bNew Age International Publishers
300 _a590
650 _aCivil Engineering
942 _cBK
999 _c4783
_d4783